000 01456nam a2200325 a 4500
001 000036112
003 DO-SdBNP
005 20240409073643.0
008 100916t2011 dr ac 001 0dspa d
020 _a9789993427001
040 _aDO-SdBNP
_bspa
_cBNPHU
082 4 _a972.93053
_bE79un 1960-61
_222
245 0 4 _aLos Estados Unidos y Trujillo : los días finales 1960-61 :
_bcolección de documentos del Departamento de Estados la CIA y los archivos del Palacio Nacional Dominicano /
_cBernardo Vega compilador.
250 _a3a. ed.
260 _aSanto Domingo :
_bFundación Cultural Dominicana,
_c2011.
300 _a786 p. :
_bil., retrs. ;
_c27 cm.
500 _aIncluye datos biográficos del autor en la cubierta.
500 _aIncluye índice onomástico.
500 _aIncluye referencias bibliográficas y notas al pie de las páginas.
504 _aBibliografía : p. 767-783.
586 _aPremio nacional Feria del Libro Don Eduardo Léón Jimenes
590 _aInventariado 2021 / MF
600 1 0 _aTrujillo Molina, Rafael Leónidas,
_d 1891-1961
_976764
651 4 _aEstados Unidos
_xRelaciones exteriores
_zRepública Dominicana
_96309
651 4 _aRepública Dominicana
_xRelaciones exteriores
_zEstados Unidos
_96308
651 4 _aRepública Dominicana
_xPolítica y gobierno
_yEra de Trujillo, 1930-1961
_91374
700 1 _aVega, Bernardo,
_d1938 -
_93222
910 _aValidado. Control de calidad MFF
942 _2ddc
_cLBS1
999 _c35603
_d35603